000 00681nam a2200217Ii 4500
003 JO-AjNU
008 230605s9999||||xx |||||||||||||| ||und||
017 _a2002/2/398
040 _aJO-AjNU
_bara
_erda
_cJO-AjNU
041 _aara
050 1 4 _aQA276.Q2964 2002
100 3 _aعبد الجبار، قيس ناجي,
_eauthor
_957149
245 0 0 _aأصول الإحصاء والطرق الإحصائية
250 _aط1
264 3 1 _aعمان: دار المناهج للنشر والتوزيع، 2002
300 _a156ص
336 _atext
_btxt
_2rdacontent
337 _aunmediated
_bn
_2rdamedia
338 _avolume
_bnc
_2rdacarrier
650 4 _aالاحصاء
_957150
999 _aA25592
_c29160
_d29160